|
|
|
|
| LEADER |
01720nam a2200505 i 4500 |
| 001 |
nkc20233510053 |
| 003 |
CZ PrNK |
| 005 |
20230620112924.0 |
| 007 |
ta |
| 008 |
230403s2023 xr a b f 000 0 cze |
| 015 |
|
|
|a cnb003510053
|
| 020 |
|
|
|a 978-80-252-5464-6
|q (brožováno) :
|c Kč 299,00
|
| 035 |
|
|
|a (OCoLC)1381700165
|
| 040 |
|
|
|a OLA001
|b cze
|d ABA001
|e rda
|
| 041 |
1 |
|
|a cze
|h eng
|
| 072 |
|
7 |
|a 641
|x Kuchařství. Potraviny. Vařená jídla
|2 Konspekt
|9 19
|
| 072 |
|
7 |
|a 0/9-053.2
|x Literatura pro děti a mládež (naučná)
|2 Konspekt
|9 26
|
| 080 |
|
|
|a 641.55
|2 MRF
|
| 080 |
|
|
|a (083.12)
|2 MRF
|
| 080 |
|
|
|a (0.053.2)
|2 MRF
|
| 130 |
0 |
|
|a Disney princess cookbook.
|l Česky
|
| 245 |
1 |
0 |
|a Kuchařka /
|c z anglického originálu ... přeložila Petra Vichrová
|
| 250 |
|
|
|a První vydání
|
| 264 |
|
1 |
|a V Praze :
|b Egmont,
|c 2023
|
| 300 |
|
|
|a 94 stran :
|b barevné ilustrace ;
|c 26 cm
|
| 336 |
|
|
|a text
|b txt
|2 rdacontent
|
| 336 |
|
|
|a statický obraz
|b sti
|2 rdacontent
|
| 337 |
|
|
|a bez média
|b n
|2 rdamedia
|
| 338 |
|
|
|a svazek
|b nc
|2 rdacarrier
|
| 490 |
1 |
|
|a Disney. Princezna
|
| 521 |
8 |
|
|a Pro děti od 6 let
|
| 650 |
0 |
7 |
|a jídla
|7 ph114847
|2 czenas
|
| 650 |
0 |
9 |
|a meals
|2 eczenas
|
| 655 |
|
7 |
|a kuchařské recepty
|7 fd132687
|2 czenas
|
| 655 |
|
7 |
|a publikace pro děti
|7 fd133156
|2 czenas
|
| 655 |
|
9 |
|a cookbooks
|2 eczenas
|
| 655 |
|
9 |
|a children's literature
|2 eczenas
|
| 700 |
1 |
|
|a Vichrová, Petra
|7 ola20181002403
|4 trl
|
| 830 |
|
0 |
|a Disney.
|p Princezna
|0 s
|
| 910 |
2 |
|
|a BOA001
|b 3-1506.968
|
| 928 |
9 |
|
|a Albatros Media - Egmont
|
| 990 |
|
|
|a BK
|
| 995 |
|
|
|a 01
|
| 991 |
|
|
|b 202305
|c NOV
|
| 996 |
6 |
|
|b 2610937481
|c 3-1506.968
|l MZK
|r Sklad / do 1 hodiny
|n 1
|p p.v.
|w 001923667
|u 000010
|a 1
|e BOA001
|j MZK50
|s P
|